| 000 | 01186cam a2200337 a 4500 | ||
|---|---|---|---|
| 001 | 5642 | ||
| 003 | FISKH | ||
| 005 | 20250109081837.0 | ||
| 008 | 090109s2010 nyua b 001 0beng | ||
| 010 | _a 2009000345 | ||
| 020 | _a9780531237045 | ||
| 020 | _a9780531207789 | ||
| 020 | _a0531237044 | ||
| 040 |
_aDLC _cDLC _dIG# _dHSA _dDLC _beng |
||
| 043 | _an-us--- | ||
| 050 | _aQH31.C33 | ||
| 082 | _a333.95 | ||
| 100 | 1 | _aVenezia, Mike | |
| 245 | 1 | 0 |
_aRachel Carson : _bclearing the way for environmental protection / _cwritten and illustrated by Mike Venezia. |
| 260 |
_aNew York : _bNew York, _c2010. |
||
| 300 |
_a32 pages : _bcolor illustrations ; _c24 cm |
||
| 490 | 1 | _aGetting to know the world's greatest inventors & scientists | |
| 520 | _aProfiles the life and career of the scientist Rachel Carson. | ||
| 600 | 1 | 0 |
_aCarson, Rachel, _d1907-1964 _vJuvenile literature. |
| 650 | 0 |
_aBiologists _zUnited States _vBiography _vJuvenile literature. |
|
| 650 | 0 |
_aEnvironmentalists _zUnited States _vBiography _vJuvenile literature. |
|
| 700 |
_aVenezia, Mike _eIllustrator |
||
| 906 |
_a7 _bcbc _corignew _d1 _eecip _f20 _gy-gencatlg |
||
| 942 |
_2ddc _cBK _n0 |
||
| 999 |
_c5642 _d5642 |
||